| Tag |
First Indicator |
Second Indicator |
Subfields |
| LEADER |
00000cam a2200000 a 4500 |
| 001 |
in00001406066 |
| 005 |
20151020072400.0 |
| 008 |
961205s1997 enkab b 010 0beng |
| 010 |
|
|
|a 96038094
|
| 015 |
|
|
|a GB97-44480
|
| 019 |
|
|
|a 37246444
|
| 020 |
|
|
|a 0859915158 (alk. paper)
|
| 035 |
|
|
|a (OCoLC)36083532
|
| 035 |
|
|
|9 AHQ2800AM
|
| 040 |
|
|
|a DLC
|c DLC
|d TXA
|d UtOrBLW
|
| 043 |
|
|
|a e-uk-en
|
| 049 |
|
|
|a TXAM
|
| 050 |
0 |
0 |
|a DA153
|b .A43 1997
|
| 082 |
0 |
0 |
|a 942.01/64
|2 21
|
| 245 |
0 |
0 |
|a Alfred the Wise :
|b studies in honour of Janet Bately on the occasion of her sixty-fifth birthday /
|c edited by Jane Roberts and Janet L. Nelson with Malcolm Godden.
|
| 264 |
|
1 |
|a Woodbridge, Suffolk ;
|a Rochester, NY :
|b D.S. Brewer,
|c 1997.
|
| 300 |
|
|
|a xxii, 277 pages :
|b illustrations, maps ;
|c 25 cm.
|
| 336 |
|
|
|a text
|b txt
|2 rdacontent
|
| 337 |
|
|
|a unmediated
|b n
|2 rdamedia
|
| 338 |
|
|
|a volume
|b nc
|2 rdacarrier
|
| 504 |
|
|
|a "A bibliography of writings by Janet Bately": pages xvii-xxii.
|
| 504 |
|
|
|a Includes bibliographical references.
|
| 600 |
0 |
0 |
|a Alfred,
|c King of England,
|d 849-899.
|
| 650 |
|
0 |
|a Anglo-Saxons
|z England
|z Wessex
|x Kings and rulers
|x Biography.
|
| 651 |
|
0 |
|a Great Britain
|x Kings and rulers
|v Biography.
|
| 651 |
|
0 |
|a Great Britain
|x History
|y Alfred, 871-899.
|
| 650 |
|
0 |
|a Civilization, Medieval.
|
| 600 |
0 |
4 |
|a Alfred,
|c King of England,
|d 849-899.
|
| 700 |
1 |
|
|a Roberts, Jane,
|d 1936-
|
| 700 |
1 |
|
|a Nelson, Janet L.
|q (Janet Laughland),
|d 1942-
|
| 700 |
1 |
|
|a Godden, Malcolm.
|
| 700 |
1 |
|
|a Bately, Janet.
|
| 948 |
|
|
|a c:dm
|
| 999 |
|
|
|a MARS
|
| 999 |
f |
f |
|s 55fb44ec-5429-3145-9d3d-45b2d91387c4
|i 115321dd-4b16-3990-9c82-774856453090
|t 0
|
| 952 |
f |
f |
|p ric
|a Texas A&M University
|b Rellis Campus
|c Joint Library Facility
|d Remote Storage
|t 0
|e DA153 .A43 1997
|h Library of Congress classification
|i unmediated -- volume
|m A14823324080
|
| 998 |
f |
f |
|a DA153 .A43 1997
|t 0
|l Remote Storage
|